000 00716cam a22002413a 4500
001 9074
003 PGUSA
005 20140828083208.0
008 051001s2005||||xxu|||||s|||||000 1 eng d
040 _aPGUSA
_beng
042 _adc
050 4 _aPA
100 1 _aThucydides,
_d-460--395
245 1 0 _aStories from Thucydides
_h[electronic resource] /
_cThucydides
260 _bProject Gutenberg,
_c2005
506 _aPublic domain in the USA.
516 _aElectronic text
653 _aGreece -- History -- Peloponnesian War, 431-404 B.C. -- Fiction
700 1 _aHavell, H. L.
_q(Herbert Lord),
_d-1913
830 0 _aProject Gutenberg
_v9074
856 4 0 _uhttp://www.gutenberg.org/ebooks/9074
942 _cEB
999 _c238358
_d238358